La colección Zeballos / (Registro nro. 52785)
[ vista simple ]
| 000 -LEADER | |
|---|---|
| campo de control de longitud fija | 00633nam a2200217 a 4500 |
| 001 - NÚMERO DE CONTROL | |
| campo de control | 52785 |
| 003 - IDENTIFICADOR DE NÚMERO DE CONTROL | |
| campo de control | AR-BaAGN |
| 005 - FECHA Y HORA DE LA ÚLTIMA TRANSACCIÓN | |
| campo de control | 20240604152433.0 |
| 007 - CAMPO FIJO DE DESCRIPCIÓN FÍSICA--INFORMACIÓN GENERAL | |
| campo de control de longitud fija | ta |
| 008 - DATOS DE LONGITUD FIJA--INFORMACIÓN GENERAL | |
| campo de control de longitud fija | s1998 ag |||||r|||| ||| ||spa d |
| 040 ## - FUENTE DE CATALOGACIÓN | |
| Centro catalogador/agencia de origen | AR-BaAGN |
| Lengua de catalogación | español |
| Normas de descripción | aacr |
| 942 ## - ELEMENTOS DE ENTRADA SECUNDARIOS (KOHA) | |
| Tipo de ítem Koha | Separata |
| 100 1# - ENTRADA PRINCIPAL--NOMBRE DE PERSONA | |
| Nombre de persona | Palombo, Guillermo, |
| Fechas asociadas al nombre | 1953- |
| ID autoridades | 7094 |
| 245 10 - MENCIÓN DEL TÍTULO | |
| Título | La colección Zeballos / |
| Mención de responsabilidad, etc. | Guillermo Palombo. |
| 260 ## - PUBLICACIÓN, DISTRIBUCIÓN, ETC. | |
| Lugar de publicación, distribución, etc. | Buenos Aires : |
| Nombre del editor, distribuidor, etc. | Dunken, |
| Fecha de publicación, distribución, etc. | 1998. |
| 300 ## - DESCRIPCIÓN FÍSICA | |
| Extensión | páginas 69-75 |
| 336 ## - TIPO DE CONTENIDO | |
| Código de tipo de contenido | texto |
| Fuente | rdacontent |
| 337 ## - TIPO DE MEDIO | |
| Código del tipo de medio | no mediado |
| Fuente | rdamedia |
| 338 ## - TIPO DE SOPORTE | |
| Código del tipo de soporte | volumen |
| Fuente | rdacarrier |
| 580 ## - NOTA DE RELACIÓN COMPLEJA | |
| Nota de relación con otros recursos | Separata de: Sociedad de Estudios Bibliográficos Argentinos. Boletín 5 (abril 1998) |
| Estado de retiro | Estado de pérdida | Estado de conservación | Biblioteca actual | Ubicación en estantería | Signatura topográfica completa | Código de barras | Tipo de ítem Koha |
|---|---|---|---|---|---|---|---|
| Biblioteca del Archivo General de la Nación | AGN - Folletos | AGN.f 2117 | AGN.f-2117 | Separata |
